Football - Les Pays des Ballons d'Or - Statistiques

Statistiques générales
  • Ce quiz a été pris 737 fois
    377 depuis la dernière actualisation
  • Le résultat moyen est 23 sur 40
Statistiques - réponses
Réponse % Correct
Argentine
98%
France
98%
Portugal
98%
Brésil
93%
Espagne
90%
Italie
89%
Allemagne
87%
Angleterre
87%
Pays-Bas
81%
Cristiano Ronaldo...
77%
Lionel Messi
76%
Karim Benzema...
74%
Croatie
70%
Kaka...
67%
Ukraine
64%
URSS
62%
Libéria
61%
Marco Van Basten...
59%
Matthias Sammer...
59%
Fabio Cannavaro...
58%
Hongrie
58%
République Tchèque
56%
Rodri...
56%
Luka Modric
50%
Michael Owen...
49%
George Weah
48%
Danemark
47%
Pavel Nedved
44%
Bulgarie
43%
Irlande du Nord
43%
Andriy Chevtchenko
42%
Écosse
40%
Igor Belanov...
39%
Tchécoslovaquie
35%
George Best
34%
Hristo Stoitchkov
15%
Denis Law
11%
Allan Simonsen
9%
Florian Albert
8%
Josef Masopust
8%
Aucun quiz correspondant
Distribution des résultats
% des personnes avec chaque résultat
Percentile par nombre de réponses
Votre historique - résultats
Vous n’avez pas pris ce quiz depuis la dernière actualisation